| 000 | 00376nam a22001337a 4500 | ||
|---|---|---|---|
| 082 |
_a355.09541 _bRIZ _cD |
||
| 100 |
_aMaj |Gen Shoukat Riaz _948748 |
||
| 245 | _aThe Pakistan Army 1947-1949 | ||
| 260 |
_aPakistan _bWajidalis (Private) Limited |
||
| 300 |
_a33 p. : _bill.: _c8 Cm |
||
| 526 |
_a0 _b0 _c0 _d355_095410000000000_RIZ |
||
| 650 |
_aDonation _936574 |
||
| 942 |
_2ddc _cBK |
||
| 999 |
_c551596 _d551596 |
||